000 00726nam a22002177a 4500
005 20170124110113.0
010 _aA-845329
020 _c200.00
_a 8170060532
035 _aA-845329
037 _bCen Lib/Ret
040 _aDPL
_bEN
082 _a915.496
_bTAL
100 _aTalwar, A.P.
_911991
245 _aHimalayan odyssey :
_cby A. P. Talwar
_bjourneys to mountain shrines and hill station of INDIA and NEPAL /
260 _aNew Delhi
_bAsian Publication
_c1996
270 _bNew Delhi
_a243, Defence Colony Flyover Market
_e110053
_k4621231, 4629212
300 _a150p.
_c21cm(Hb)
650 _aGeography
_zHimalaya
_971975
650 _aTravel and turism
_971976
942 _2ddc
_cEN
_h915.496
_mTAL
999 _c130511
_d130511